Quizzes
Events
Quiz Creation
Community
Videos
Private Events
Remove Ads
Sign In
Join for FREE
Feedback
Dark Mode
Quiz Categories
Sports
Geography
Music
Movies
Television
Just For Fun
Miscellaneous
History
Literature
Language
Science
Gaming
Entertainment
Religion
Holiday
For Kids
Quiz Lab
Recent
Popular Today
Quiz Kudos Today
Editor Picks
Curator Picks
Quizzes by...
Day
Popularity
Type
Ratings
Length
Year
Community
Subscriptions
Recent Discussions
Orange Saloon
Badges
Playlists
Quests
Create
Leaderboards
Showdown
Live 5
Trivia Bingo
Activity
Puzzle Library
Sporcle Events
Private Events
Virtual Trivia
Globe League
Become a Host
Pub Owners
SporcleCon
Opinionation
Our Games
Videos
Blog
Mobile Apps
Partnerships
Remove Ads and Go Orange
Feedback
Sports
Athletes
MLB
NBA
NHL
NFL
Soccer
Sports Teams
WWE
NCAA
Football
Premier League
Basketball
Baseball
Hockey
Golf
Tennis
Cricket
Rugby
Auto Racing
Olympics
World Cup
Sports
Athletes
MLB
NBA
NHL
NFL
Soccer
Sports Teams
WWE
NCAA
Football
Premier League
Basketball
Baseball
Hockey
Golf
Tennis
Cricket
Rugby
Auto Racing
Olympics
World Cup
Random Quiz
Search Sporcle
×
Quiz Lab
Quiz Lab
Sports
NHL
Type in answers that appear in a list
Type in answers that appear in a list
Classic
Best Score? Go Orange.
Stanley Cup Coaches Stats
Can you name the coaches who've won the stanley cup (since the NHL took control of the Stanley Cup)?
By
Isles91
12m
84 Questions
383 Plays
383 Plays
383 Plays
Comments
Comments
Give Quiz Kudos
Give Quiz Kudos
-
- Ratings
hide this ad
Replay
Link that replays current quiz
Next Quiz
Link to next quiz in quiz playlist
You Got
0%
They Got
Avg Score
60%
Avg Friend Score
Upgrade to see
Score Distribution
Jump to the score distribution portion of the page
Score
0/84
Timer
12:00
0
Plays Today
Year
Coach
% Correct
1973
Scotty Bowman
97.4%
1976
Scotty Bowman
97.4%
1977
Scotty Bowman
97.4%
1978
Scotty Bowman
97.4%
1979
Scotty Bowman
97.4%
1992
Scotty Bowman
97.4%
1997
Scotty Bowman
97.4%
2002
Scotty Bowman
97.4%
1998
Scotty Bowman
97.4%
2008
Mike Babcock
90.6%
2010
Joel Quenneville
88%
1984
Glen Sather
85.6%
1985
Glen Sather
85.6%
1987
Glen Sather
85.6%
1988
Glen Sather
85.6%
1980
Al Arbour
84.3%
1981
Al Arbour
84.3%
1982
Al Arbour
84.3%
1983
Al Arbour
84.3%
2009
Dan Bylsma
84.3%
2004
John Tortorella
84.1%
1994
Mike Keenan
82.5%
1995
Jacques Lemaire
81.7%
1999
Ken Hitchcock
80.9%
1956
Hector 'Toe' Blake
79.1%
1957
Hector 'Toe' Blake
79.1%
1958
Hector 'Toe' Blake
79.1%
1959
Hector 'Toe' Blake
79.1%
Year
Coach
% Correct
1960
Hector 'Toe' Blake
79.1%
1965
Hector 'Toe' Blake
79.1%
1966
Hector 'Toe' Blake
79.1%
1968
Hector 'Toe' Blake
79.1%
2006
Peter Laviolette
78.6%
2000
Larry Robinson
77.5%
2007
Randy Carlyle
77%
1991
Bob Johnson
74.2%
1972
Tom Johnson
73.6%
1996
Marc Crawford
72.3%
2011
Claude Julien
71.8%
2003
Pat Burns
69.7%
2001
Bob Hartley
67.6%
1930
Cecil Hart
64.2%
1931
Cecil Hart
64.2%
1974
Fred Shero
64.2%
1975
Fred Shero
64.2%
1993
Jacques Demers
63.2%
1962
G. 'Punch' Imlach
55.1%
1963
G. 'Punch' Imlach
55.1%
1964
G. 'Punch' Imlach
55.1%
1967
G. 'Punch' Imlach
55.1%
1936
Jack Adams
52.2%
1937
Jack Adams
52.2%
1943
Jack Adams
52.2%
1989
Terry Crisp
51.2%
1990
John Muckler
48%
1932
Dick Irvin
47.8%
Year
Coach
% Correct
1944
Dick Irvin
47.8%
1946
Dick Irvin
47.8%
1953
Dick Irvin
47.8%
1928
Lester Patrick
44.1%
1933
Lester Patrick
44.1%
1970
Harry Sinden
43.1%
1945
Clarence ' Hap' Day
34.2%
1942
Clarence ' Hap' Day
34.2%
1947
Clarence ' Hap' Day
34.2%
1948
Clarence ' Hap' Day
34.2%
1949
Clarence ' Hap' Day
34.2%
1986
Jean Perron
30.5%
1939
Art Ross
29.5%
1971
Al MacNeil
28.7%
1969
Claude Ruel
26.9%
1950
Tommy Ivan
21.1%
1952
Tommy Ivan
21.1%
1954
Tommy Ivan
21.1%
1940
Frank Boucher
17.2%
1929
Cy Denneny
17%
1941
R. 'Cooney' Weiland
16.7%
1951
Joe Primeau
15.9%
1938
Bill Stewart
15.7%
1961
Rudy Pilous
15.1%
1934
Tommy Gorman
13.8%
1935
Tommy Gorman
13.8%
1955
Jimmy Skinner
13.8%
1927
Dave Gill
9.7%
Quiz Playlist
Details
Report
Send in Message
Add To Playlist
Classic:
Type in answers that appear in a list
Last Updated: Feb 16, 2017
Quiz Scoreboard
CHALLENGE
Sign Up to Join the Scoreboard
Show All
Scores
Hide
Comments
May contain spoilers
Recently Published
Street Fighter Characters
by Artimus82
Gaming
60s
9x9 Crossword: Cartoon Network
by jackfrog10
Miscellaneous
3m
College Basketball Coaching Resumes
by pancakes188
Sports
9m
More to Explore
Quiz From the Vault
Featured Blog Post
Where Did the Easter Bunny Come From?
hide this ad
You Might Also Like...
Tags
NHL Quiz
coach
control
cup
Stanley
team
took
Won
Today's Top Quizzes in Sports
Browse Sports
hide this ad
Today's Top Quizzes in NHL
Browse NHL
Top Contributed Quizzes in Sports
1
2022 World Cup Stars
2
Les meilleurs buteurs des matchs entre le PSG et l’OM
3
FIFA Club World Cup Champions
4
Les entraîneurs de l'OM et du PSG au 21e siècle
5
Criteria MLB: Left Handed Sluggers
6
2023 MLB Unique Player Accomplishments
7
AFC Teams Reveal (Wrong Answers Minefield)
8
Players with Multiple 50 Home Run Seasons
9
5-to-1: FBS Animal Nicknames
10
5-to-1: UK Sports Teams
Explore More
Trending Topics
Kpop
Harry Potter
Anime
Marvel
NBA
Disney
Crossword
The Office
WWE
Country
NFL
Soccer
Song
Puzzle
Pokémon
hide this ad
More By:
Isles91
Quiz
Plays
Rating
Category
Featured
Created
100 Greatest Metal Bands
5,239
4.25
Music
Oct 24, 2010
Iron Maiden 7min songs
1,405
5.00
Music
Sep 30, 2010
Brad Paisley Songs
638
3.67
Music
Dec 12, 2010
Dio Songs
617
5.00
Music
Oct 5, 2010
Stanley Cup Coaches
383
5.00
Sports
Nov 12, 2010
Go to Creator's Profile
Score Distribution
Quiz Creator Spotlight
Isles91
Follow
Send a Message
Quizzes Created
-
Created Quiz Play Count
-
More By This Creator
Popular Quizzes Today
1
Find the US States - No Outlines Minefield
2
Find the Countries of Europe - No Outlines Minefield
3
The Countries of the World
4
Find the US States
5
Risky Map Clicking: Biggest States A-Z
6
US States
7
Popular People in 1961
8
Movies - When Are They Set?
More Sports Quizzes
Most Caps By Picture - Senegal
Quiz Lab
Trending Quizzes
Risky Map Clicking: Least Populous States A-Z
1-10 Letter G Words
Risky Map Clicking: Next State Alphabetically
Adjectives in 80s TV Shows
The Seven Year Switch: Catherine
Recently Updated
Leaping Animals
pecheneg
Reality TV Shows (A-Z)
bhenderson79
Rickey Henderson's Hall of Fame Teammates
pecheneg
Champions League XIs: Arsenal
pecheneg
Quick Pick: Celebrities in WWE's Hall of Fame
aduchscher
A-Z Keypad Blitz II
pecheneg
Multiple Oscar Actors
pecheneg
Mystery Phrase Blitz: Oscar 'Best Actors'
pecheneg
F. Scott Fitzgerald Novels
LTH
Pick 3 Villains
ddd62291
Trending Topics
Crossword
NBA
Kpop
Harry Potter
Marvel
Disney
Anime
Pokémon
Soccer
WWE
Song
Puzzle
The Office
NFL
Country
Your Account Isn't Verified!
In order to create a playlist on Sporcle, you need to verify the email address you used during registration. Go to your
Sporcle Settings
to finish the process.
Report this User
Report this user for behavior that violates our
Community Guidelines
.
Details:
Send Report
Go to the Sporcle.com Mobile Site →
Comments